| 000 | 00698nam a2200229Ia 4500 | ||
|---|---|---|---|
| 003 | GCL | ||
| 008 | 140319s9999 xx 000 0 ara d | ||
| 040 |
_aGCL / _cGCL |
||
| 082 | 0 | 4 |
_a355.3434 _bع ا |
| 100 | 1 | _aعبدالرحمن عيسوى | |
| 245 | 1 | 0 |
_aاتجاهات جديدة فى علم النفس الحديث / _cعبدالرحمن عيسوى |
| 300 | _a371 ص | ||
| 490 | _a | ||
| 650 | 0 | 4 | _aعلم النفس |
| 650 | 0 | 4 | _aالحرب النفسية |
| 650 | 0 | 4 | _aالاعلام |
| 650 | 0 | 4 | _aالدعاية |
| 650 | 0 | 4 | _aالجوانب النفسية |
| 650 | 0 | 4 | _aالاشاعات |
| 650 | 0 | 4 | _aالحربين العالميةالاولى والثاني |
| 942 |
_2ddc _cBK |
||
| 999 |
_c39108 _d39108 |
||